000 01756nam a22001817a 4500
003 IT-RoPau
005 20220918181105.0
008 130509b xxu||||| |||| 00| 0 eng d
040 _cIT-RoPau
100 _aCentro di Spiritualità Paolina
_9518
245 _aLa Famiglia Paolina sul cammino di una parola di Dio.
250 _a1° ed
260 _aAriccia (Roma)
_bCentro di Spiritualità Paolina - Casa Divino Maestro
_c1973
300 _a128 pp.
_c28 cm
490 _aPunti di riferimento della nostra vita spirituale
_vIII° Vol - novembre 1973
520 _aIndice Introduzione - "Via-verità-vita": inutile rompicapo o contenuto vocazionale della famiglia Paolina? - Fonti e Sigle Capitolo primo: - Giovanni XIV, 6 nel contesto dell'ultima cena secondo: - Lungo i tempi cristiani: appunti di riflessione sul Cristo via, verità e vita terzo: - Leone XIII: una proposta pastorale per il secolo ventesimo quarto: - L'inserimento di Don Alberione nella storia di Giovanni XIV, 6 quinto: - Una visione globale partendo dal Crsito via, verità e vita sesto: - Una Famiglia religiosa a disposizione de Crsito via, verità e vita settimo: - Ricerca di un metodo ottavo: - Riflesso fondamentale del Cristo via, verità e vita: lo sviluppo integrale della persona umana nono: - "Il frutto del nostro apostolato è proporzionato a questo: presentare Gesù Cristo via, verità e vita" decimo: - "Maestro: senso dell' intercambio con via-verità-vita" decimo primo: - Maria: "ci diede tutto il Cristo, via, verità e vita" decimo secondo: - "Via-verità-vita: è spirito paolino? decimo terzo: - Questa spiritualità vale per la chiesa? Conclusione: - Appendice: - Studio sull'interpretazione di Giovanni XIV, 6, di don Mike Byrnes
942 _2ddc
_cCR
999 _c98504
_d98504